000 02273cam a22004694i 4500
003 PE-LiUPU
005 20250731184520.0
008 150617s1945 cl r 000 0 spa d
035 _a(Sirsi) a18662
040 _aPE-LiUPU
_bspa
_cPE-LiUPU
_dPE-LiUPU
_erda
049 _aPRUA
082 0 4 _a980.3
_bH81
_221
100 1 _aHousse, Rafael Emilio,
_eautor.
245 1 4 _aLos hijos del sol :
_bhistoria, religión, ideales y costumbres de los indios quichuas del Perú /
_cRafael Emilio, Housse.
264 1 _aSantiago de Chile :
_bZig-Zag,
_c1945.
300 _a397 páginas ;
_c21 centímetos
336 _atext
_2rdacontent
337 _aunmediated
_2rdamedia
338 _avolume
_2rdacarrier
505 0 _aHabitantes del Perú -- El quichua minero -- Las tribulaciones de los indios -- El quichua en su hogar -- Los quichuas de viaje -- El matrimonio -- El niño quichua -- La salud del quichua -- Festividades quichuas -- Ritos funerarios -- El quichua agricultor -- El quichua industrial -- El quichua en el comercio y el mercado -- El valor guerrero -- El corazón del quichua -- El carácter quichua -- Voluntad y sentido moral de los quichuas -- Responsabilidad moral del delincuente -- Sentido cristiano del indio peruano -- El quichua y su espíritu supersticioso -- El alma del indio evangelizado de nuestros días -- El quichua en sus actividades mentales.
526 _aP136
526 _aP135
526 _aP134
526 _aP133
526 _aP144
526 _aP143
526 _aP87
526 _aP35
526 _aP20
526 _aP14
526 _aP10
526 _aP06
650 0 4 _aIndios del Perú
_xReligión y mitología.
650 0 4 _aIndios del Perú
_xVida y costumbres sociales.
910 _ajck
_bjvq
_cjck
_d20150616
942 _2ddc
_cBOOK
949 _a980.3 H81
_wDEWEY
_c1
_i03217
_lCCODEBUL1
_mBUL
_p23.00
_r0
_sY
_tBOOK
_u2015-04-22
_xEDUCACION
_zUNKNOWN
_0COMPRA
_o.STAFF. Colección Ciencias Humanas y Educación
994 _aC0
_bPEPRU
596 _a1
999 _a980.3 H81
_wDEWEY
_c18378
_i03217
_d18378
_e2017-10-31
_f2021-11-8
_g5
_lCCODEBUL1
_mBUL
_n2
_p23.00
_r0
_sY
_tBOOK
_u2015-4-22
_xBIBLIOTECA
_zUNKNOWN
_0COMPRA
_o.STAFF. Colección General
980 _81
_gALBERTO SANCHEZ Responsable de Automatización